Places To Study

There are group study rooms, individual study carrels, computer labs, and other spaces to study in the Libraries.

Reserve A Group Room

Online Resources

Access thousands of eBooks, audiobooks, and online journals from the comfort of your home.

Explore Resources

Events and Workshops

Join our upcoming events and workshops to enhance your skills and knowledge.

View Events

ပဋ္ဌာန်းပါဠိတော်နိဿယ ၊ (Record no. 2477)

MARC details
000 -LEADER
fixed length control field 01015nam a22001937a 4500
003 - CONTROL NUMBER IDENTIFIER
control field OSt
005 - DATE AND TIME OF LATEST TRANSACTION
control field 20251116154615.0
008 - FIXED-LENGTH DATA ELEMENTS--GENERAL INFORMATION
fixed length control field 251116b |||||||| |||| 00| 0 eng d
040 ## - CATALOGING SOURCE
Transcribing agency DCL
082 ## - DEWEY DECIMAL CLASSIFICATION NUMBER
Classification number ၂၉၄.၃၈၂၄၇
130 ## - MAIN ENTRY--UNIFORM TITLE
Uniform title တိပိဋက။
Name of part/section of a work အဘိဓမ္မာပိဋက။
Title of a work ပဋ္ဌာန်း၊
Language of a work ပါဠိတော်၊
Version နိဿယ။
245 ## - TITLE STATEMENT
Title ပဋ္ဌာန်းပါဠိတော်နိဿယ ၊
Number of part/section of a work တတိယတွဲ /
Remainder of title အရှင်နန္ဒမေဓာ။
250 ## - EDITION STATEMENT
Edition statement ဒုတိယအကြိမ်။
264 ## - PRODUCTION, PUBLICATION, DISTRIBUTION, MANUFACTURE, AND COPYRIGHT NOTICE
Place of production, publication, distribution, manufacture ရန်ကုန် ၊
Name of producer, publisher, distributor, manufacturer ဣစ္ဆာသယပိဋကတ်စာပုံနှိပ်တိုက်၊
Date of production, publication, distribution, manufacture, or copyright notice ၁၉၇၂။
300 ## - PHYSICAL DESCRIPTION
Extent ဆ၊ ၃၀၀ စာမျက်နှာ ၊
Dimensions ၂၆ စင်တီ။
650 ## - SUBJECT ADDED ENTRY--TOPICAL TERM
Topical term or geographic name entry element ပဋ္ဌာန်း
Form subdivision ပါဠိတော်နိဿယ။
700 ## - ADDED ENTRY--PERSONAL NAME
Personal name နန္ဒမေဓာ၊ အရှင်
942 ## - ADDED ENTRY ELEMENTS (KOHA)
Source of classification or shelving scheme Dewey Decimal Classification
Koha item type Short Term
Suppress in OPAC No
Holdings
Withdrawn status Lost status Source of classification or shelving scheme Damaged status Not for loan Collection Accession No. Home library Current library Shelving location Date acquired Total checkouts Full call number Barcode Date last seen Price effective from Koha item type
    Dewey Decimal Classification     Myanmar Pitaka Collection ၁၀၂၆ Dhammadhara Dhammadhara Myanmar Pitaka Shelves 16/11/2025   ၂၉၄.၃၈၂၄၇ အဘိ ၁၀၂၆ MB00001026 16/11/2025 16/11/2025 Short Term